[Event "Vecindario Montalvo Memorial 15th"]
[Site "Vecindario"]
[Date "2023.04.08"]
[Round "8"]
[White "Guerrero Orihuela, Jose Luis"]
[Black "Rivero Tacoronte, Gabriel"]
[Result "1-0"]
[WhiteElo "1862"]
[BlackElo "1548"]
[PlyCount "59"]
[EventDate "2023.04.02"]
[EventType "swiss"]
[EventRounds "9"]
[EventCountry "ESP"]
[SourceTitle "CBM 213 Extra"]
[Source "ChessBase"]
[SourceDate "2023.05.31"]
[SourceVersion "1"]
[SourceVersionDate "2023.05.31"]
[SourceQuality "1"]

1. d4 d5 2. c4 c6 3. cxd5 cxd5 4. Nc3 Nf6 5. f3 Nc6 6. e4 dxe4 7. d5 Ne5 8. fxe4 a6 9. Qd4 Ng6 10. e5 Nd7 11. Nf3 Qc7 12. Bf4 Nxf4 13. Qxf4 g6 14. Bc4 b5 15. Bb3 Nc5 16. Bc2 Bg7 17. 0-0 0-0 18. Rae1 Bb7 19. Kh1 Rad8 20. Ng5 Bxd5 21. Nxd5 Rxd5 22. Nxf7 Ne6 23. Qg4 Nd4 24. Bb3 Qd7 25. Bxd5 Qxd5 26. Rd1 Rxf7 27. Rxf7 Kxf7 28. Qf4+ Ke6 29. Rxd4 Bxe5 30. Qg4+ 1-0

[Event "Vecindario Montalvo Memorial 15th"]
[Site "Vecindario"]
[Date "2023.04.02"]
[Round "2"]
[White "Rodriguez Amador, Alvaro"]
[Black "Rivero Tacoronte, Gabriel"]
[Result "0-1"]
[WhiteElo "1176"]
[BlackElo "1548"]
[PlyCount "62"]
[EventDate "2023.04.02"]
[EventType "swiss"]
[EventRounds "9"]
[EventCountry "ESP"]
[SourceTitle "CBM 213 Extra"]
[Source "ChessBase"]
[SourceDate "2023.05.31"]
[SourceVersion "1"]
[SourceVersionDate "2023.05.31"]
[SourceQuality "1"]

1. d4 d5 2. Nf3 Nf6 3. e3 e6 4. Bd3 c5 5. c3 Nc6 6. Nbd2 b6 7. Qe2 Be7 8. e4 dxe4 9. Nxe4 cxd4 10. Nxf6+ Bxf6 11. Bb5 Bd7 12. Qe4 Rc8 13. Ba6 Rc7 14. cxd4 Nb4 15. Bc4 Rxc4 16. 0-0 Bc6 17. Qe2 Rc2 18. Qe1 Nd3 19. Qd1 Rxc1 20. Qxd3 Rxa1 21. Rxa1 Bxf3 22. Qxf3 0-0 23. Rd1 Qd5 24. Qd3 Qxa2 25. Qc2 Rd8 26. Qc3 Qa4 27. b3 Qa5 28. b4 Qd5 29. h3 h6 30. Qa1 Rd7 31. Kf1 Qc4+ 0-1

[Event "Vecindario Montalvo Memorial 14th"]
[Site "Vecindario"]
[Date "2022.09.05"]
[Round "3"]
[White "Rivero Tacoronte, Gabriel"]
[Black "Guerra Aleman, Marcial"]
[Result "1/2-1/2"]
[WhiteElo "1378"]
[BlackElo "1670"]
[PlyCount "50"]
[EventDate "2022.09.04"]
[EventType "swiss"]
[EventRounds "9"]
[EventCountry "ESP"]
[SourceTitle "CBM 210 Extra"]
[Source "ChessBase"]
[SourceDate "2022.11.30"]
[SourceVersion "1"]
[SourceVersionDate "2022.11.30"]
[SourceQuality "1"]

1. e4 d6 2. d4 Nf6 3. Nc3 g6 4. f4 Bg7 5. Nf3 Bg4 6. Be3 c6 7. a4 Qa5 8. Bd3 Nbd7 9. 0-0 0-0 10. h3 Bxf3 11. Qxf3 e5 12. dxe5 dxe5 13. f5 Nc5 14. Bc4 Qb4 15. b3 Nxb3 16. cxb3 Qxc3 17. Rac1 Qa5 18. fxg6 hxg6 19. Bg5 b5 20. Bxf6 bxc4 21. Bxg7 Kxg7 22. Qf6+ Kg8 23. Rxc4 Qb6+ 24. Kh2 Qxb3 25. Qxc6 Rad8 1/2-1/2

[Event "ESP-ch U14"]
[Site "Salobrena"]
[Date "2022.07.18"]
[Round "1"]
[White "Rivero Tacoronte, Gabriel"]
[Black "Fernandez Climent, Albert"]
[Result "0-1"]
[WhiteElo "1423"]
[BlackElo "1859"]
[PlyCount "98"]
[EventDate "2022.07.18"]
[EventType "swiss"]
[EventRounds "9"]
[EventCountry "ESP"]
[SourceTitle "EXT 2023"]
[Source "ChessBase"]
[SourceDate "2022.10.05"]
[SourceVersion "1"]
[SourceVersionDate "2022.10.05"]
[SourceQuality "1"]

1. d4 Nf6 2. c4 a6 3. Nc3 c5 4. d5 b5 5. e4 b4 6. Na4 d6 7. e5 dxe5 8. Nxc5 e6 9. Qa4+ Nbd7 10. Nxe6 fxe6 11. dxe6 Qb6 12. Be3 Qxe6 13. c5 Nd5 14. Bc4 N5b6 15. Bxe6 Nxa4 16. Bd5 Rb8 17. c6 Ndc5 18. Nf3 Bd6 19. 0-0 Be6 20. Rad1 Bc7 21. Ng5 Bxd5 22. Rxd5 Rd8 23. Rxc5 Nxc5 24. Bxc5 Bd6 25. Be3 Rc8 26. Rc1 Ke7 27. Ne4 h6 28. f3 Ke6 29. Kf2 a5 30. Kg3 Rhd8 31. Kg4 Kd5 32. Rd1+ Kxc6 33. Rc1+ Kb7 34. Rxc8 Kxc8 35. Kf5 Kd7 36. Kg6 Bf8 37. Kf5 Rc8 38. Kxe5 Rc2 39. Bd4 Rxg2 40. h3 a4 41. Bf2 Rh2 42. h4 Be7 43. f4 Kc6 44. Kd4 Bxh4 45. Bxh4 Rxh4 46. Ke3 Rh2 47. Nf2 Rxf2 48. Kxf2 Kd5 49. Ke3 h5 0-1

[Event "Gran Canaria Cabildo Cup"]
[Site "Gran Canaria"]
[Date "2022.04.14"]
[Round "6"]
[White "Rodriguez Almeida, Ainhoa"]
[Black "Rivero Tacoronte, Gabriel"]
[Result "1/2-1/2"]
[WhiteElo "1077"]
[BlackElo "1272"]
[PlyCount "114"]
[EventDate "2022.04.10"]
[EventType "swiss"]
[EventRounds "7"]
[EventCountry "ESP"]
[SourceTitle "CBM 207 Extra"]
[Source "ChessBase"]
[SourceDate "2022.05.31"]
[SourceVersion "1"]
[SourceVersionDate "2022.05.31"]
[SourceQuality "1"]

1. e4 c6 2. Bc4 d5 3. exd5 cxd5 4. Bb5+ Bd7 5. Bxd7+ Nxd7 6. d4 e6 7. Nf3 Bd6 8. Nc3 Ngf6 9. Qe2 0-0 10. 0-0 a6 11. a3 Qc7 12. h3 Rfc8 13. Bd2 Nb6 14. Rac1 Nc4 15. Rb1 Nxd2 16. Qxd2 b5 17. Rfc1 b4 18. Na4 bxa3 19. bxa3 Bxa3 20. Rb3 Bxc1 21. Qxc1 Qxc2 22. Qe3 Qd1+ 23. Ne1 Rc1 24. Kf1 Ne4 25. Rb2 Rac8 26. Nc5 Nxc5 27. dxc5 R1xc5 28. Qxc5 Rf8 29. Rb6 d4 30. Qd6 h6 31. Rxa6 Rc8 32. Rc6 Rxc6 33. Qxc6 d3 34. Qa8+ Kh7 35. Qe4+ g6 36. Qxd3 Qa1 37. h4 Kg7 38. Ke2 Qe5+ 39. Qe3 Qb5+ 40. Nd3 Qh5+ 41. f3 Qxh4 42. Qe5+ Kh7 43. Qf4 Qe7 44. Ne5 f5 45. g4 Qb7 46. gxf5 exf5 47. Qd4 Qb5+ 48. Ke3 Qb3+ 49. Kf4 Qb7 50. Qd7+ Qxd7 51. Nxd7 Kg7 52. Ne5 Kf6 53. Nd7+ Ke6 54. Nf8+ Kf6 55. Nd7+ Kg7 56. Ne5 Kh7 57. Nf7 Kg7 1/2-1/2